Merged Flags #1 - Statistics

General Stats
  • This quiz has been taken 2,788 times
  • The average score is 21 of 28
Answer Stats
Hint Answer % Correct
India
97%
Switzerland
96%
South Korea
94%
Finland
93%
Portugal
92%
Lebanon
91%
Cyprus
90%
Japan
90%
Jamaica
85%
Taiwan
84%
China
83%
Philippines
83%
North Korea
82%
Cuba
75%
Algeria
74%
Kosovo
74%
Dominican Republic
72%
DR Congo
72%
Mongolia
70%
Botswana
62%
Trinidad and Tobago
62%
Djibouti
60%
Brazil
57%
Suriname
57%
Spain
47%
Eritrea
40%
Solomon Islands
40%
Israel
36%
No matching quizzes found
Score Distribution
Percent of People with Each Score
Percentile by Number Answered
Your Score History
You have not taken this quiz